[Event "Bayern-chTT (RL Nord-Ost)"]
[Site "Bayern 2008/09"]
[Date "2009.03.15"]
[Round "8.1"]
[White "Kordts, Wolfgang"]
[Black "Klimpel, Thomas"]
[Result "1-0"]
[WhiteElo "2147"]
[BlackElo "2086"]
[PlyCount "65"]
[EventDate "2009.03.??"]
[EventType "team-tourn"]
[EventRounds "9"]
[WhiteTeam "Postbauer 1"]
[BlackTeam "Kareth-Lappersdorf 1"]

1. d4 Nf6 2. c4 e6 3. Nf3 b6 4. a3 Bb7 5. Nc3 d5 6. cxd5 Nxd5 7. Qc2 Nxc3 8.
bxc3 Be7 9. e4 c5 10. Bb5+ Kf8 11. O-O Qc8 12. Qe2 Nd7 13. Bf4 Nf6 14. Bd3 h6
15. a4 g5 16. Be5 Rg8 17. Nd2 Nd7 18. Bg3 cxd4 19. cxd4 Qc3 20. Rac1 Qxd4 21.
Rc4 Qg7 22. Rc7 Nc5 23. Rc1 Rd8 24. Bb1 Qb2 25. Rc2 Qb4 26. Ba2 Bxe4 27. Nxe4
Qxe4 28. f3 Qd4+ 29. Kf1 Qa1+ 30. Be1 Nd3 31. Rd2 Nxe1 32. Rxd8+ Bxd8 33. Rxf7+
1-0

[Event "Bayern-chTT (RL Nord-Ost)"]
[Site "Bayern 2008/09"]
[Date "2009.03.15"]
[Round "8.2"]
[White "Grabert, Ralf"]
[Black "Bauer, Andreas(67)"]
[Result "1-0"]
[WhiteElo "2192"]
[BlackElo "2125"]
[PlyCount "131"]
[EventDate "2009.03.??"]
[EventType "team-tourn"]
[EventRounds "9"]
[WhiteTeam "Kareth-Lappersdorf 1"]
[BlackTeam "Postbauer 1"]

1. e3 Nf6 2. c4 g6 3. d4 Bg7 4. Nf3 O-O 5. Nc3 d6 6. b3 e5 7. dxe5 Ng4 8. Be2
Nxe5 9. Bb2 Nbc6 10. O-O Nxf3+ 11. Bxf3 Be6 12. Qd2 Rb8 13. Rad1 Ne5 14. Bd5
Nd7 15. f4 Bxd5 16. Nxd5 Bxb2 17. Qxb2 f5 18. Qd4 b6 19. e4 fxe4 20. Qxe4 Nf6
21. Qe6+ Kg7 22. Rde1 Nxd5 23. Qxd5 Qd7 24. f5 Rxf5 25. Rxf5 gxf5 26. Qd4+ Kg6
27. Re3 f4 28. Qxf4 Qf5 29. Rg3+ Kf6 30. Qh4+ Ke6 31. Qh6+ Kd7 32. Rg7+ Kc6 33.
Qxh7 Qc5+ 34. Kh1 Kb7 35. Qe4+ Ka6 36. h4 Rf8 37. Rg5 Rf1+ 38. Kh2 Qg1+ 39. Kh3
Re1 40. Qf4 Re3+ 41. Rg3 Qh1+ 42. Kg4 Re2 43. Qf3 Rxa2 44. b4 Qb1 45. b5+ Ka5
46. Qc3+ Qb4 47. Kh3 Qxc3 48. Rxc3 Kb4 49. Rc1 a6 50. bxa6 Rxa6 51. h5 Ra8 52.
g4 c6 53. g5 d5 54. cxd5 cxd5 55. g6 Rg8 56. Kg4 d4 57. Kg5 d3 58. h6 d2 59.
Rd1 Kc3 60. h7 Rc8 61. g7 Kc2 62. Rxd2+ Kxd2 63. g8=Q Rxg8+ 64. hxg8=Q b5 65.
Qb3 b4 66. Qxb4+ 1-0

[Event "Bayern-chTT (RL Nord-Ost)"]
[Site "Bayern 2008/09"]
[Date "2009.03.15"]
[Round "8.3"]
[White "Roeber, Juergen"]
[Black "Appel, Helmut(75)"]
[Result "1/2-1/2"]
[WhiteElo "2077"]
[BlackElo "2161"]
[PlyCount "127"]
[EventDate "2009.03.??"]
[EventType "team-tourn"]
[EventRounds "9"]
[WhiteTeam "Postbauer 1"]
[BlackTeam "Kareth-Lappersdorf 1"]

1. e4 e5 2. Nf3 Nc6 3. Bb5 a6 4. Bxc6 dxc6 5. O-O f6 6. d4 exd4 7. Qxd4 Qxd4 8.
Nxd4 Bd6 9. Be3 Ne7 10. Nc3 O-O 11. Rad1 Bd7 12. Rfe1 Rae8 13. Nb3 b6 14. Bxb6
Be6 15. Be3 Ng6 16. Nc5 Bc8 17. f3 Ne5 18. Nd3 Nc4 19. Bc1 g5 20. b3 Ne5 21.
Nxe5 Rxe5 22. Bb2 Rc5 23. Re2 g4 24. Na4 Rh5 25. f4 Bxf4 26. g3 Bd6 27. Rf1 Be5
28. Ref2 Kg7 29. b4 a5 30. a3 axb4 31. axb4 Ba6 32. Ra1 Bd6 33. Nc5 Bc8 34.
Raf1 Bxc5 35. bxc5 Rh6 36. Rf4 Be6 37. Bc3 Rg6 38. R1f2 Rf7 39. Kf1 h6 40. Ke2
h5 41. Ke3 Rf8 42. Rf1 Rf7 43. Ra1 Rg5 44. Bd4 Rg6 45. Ra8 Re7 46. Rd8 Rh6 47.
Bc3 Kf7 48. e5 f5 49. Rb4 Re8 50. Rxe8 Kxe8 51. Rb8+ Ke7 52. Rb7 h4 53. Rxc7+
Bd7 54. Be1 hxg3 55. Bxg3 Ke6 56. Ra7 Rh8 57. Ra3 Rb8 58. Rd3 Rb4 59. Rd6+ Ke7
60. Kd3 Re4 61. Bh4+ Ke8 62. Bf6 Re1 63. Kd2 Rh1 64. e6 1/2-1/2

[Event "Bayern-chTT (RL Nord-Ost)"]
[Site "Bayern 2008/09"]
[Date "2009.03.15"]
[Round "8.4"]
[White "Seidl, Juergen Dr(68)"]
[Black "Fischer, Erich(41)"]
[Result "0-1"]
[WhiteElo "2097"]
[BlackElo "1933"]
[PlyCount "76"]
[EventDate "2009.03.??"]
[EventType "team-tourn"]
[EventRounds "9"]
[WhiteTeam "Kareth-Lappersdorf 1"]
[BlackTeam "Postbauer 1"]

1. d4 g6 2. Nf3 Bg7 3. e3 d6 4. Bd3 Nc6 5. c3 Bg4 6. h3 Bd7 7. e4 e5 8. Bg5 Nf6
9. d5 Ne7 10. c4 h6 11. Be3 O-O 12. Qd2 Kh7 13. g4 c6 14. Nc3 cxd5 15. cxd5 a6
16. O-O g5 17. Ne1 Ng6 18. f3 Nf4 19. Kh2 h5 20. Ng2 hxg4 21. hxg4 Rh8 22. Nxf4
gxf4 23. Bf2 Kg6+ 24. Kg2 Bh6 25. Qe2 Bg5 26. Rh1 Qe7 27. a4 Rag8 28. Rxh8 Rxh8
29. Rh1 Qd8 30. Rxh8 Qxh8 31. Qd1 Kg7 32. Nb1 Bh4 33. Bg1 Bg3 34. Nd2 Nh7 35.
Kf1 Ng5 36. Qe2 Bxa4 37. b3 Bd7 38. Nc4 Bxg4 0-1

[Event "Bayern-chTT (RL Nord-Ost)"]
[Site "Bayern 2008/09"]
[Date "2009.03.15"]
[Round "8.5"]
[White "Hoffmann, Ayar"]
[Black "Strobel, Christian"]
[Result "0-1"]
[WhiteElo "1872"]
[BlackElo "2092"]
[PlyCount "124"]
[EventDate "2009.03.??"]
[EventType "team-tourn"]
[EventRounds "9"]
[WhiteTeam "Postbauer 1"]
[BlackTeam "Kareth-Lappersdorf 1"]

1. d4 Nf6 2. c4 g6 3. Nc3 Bg7 4. e4 d6 5. Bd3 O-O 6. Nge2 c5 7. d5 e6 8. O-O
exd5 9. exd5 Na6 10. a3 Nc7 11. a4 a6 12. Bg5 h6 13. Bh4 g5 14. Bg3 Nh5 15. Qc2
f5 16. f4 g4 17. Be1 Rb8 18. Nd1 Qe8 19. Bc3 b5 20. axb5 axb5 21. Bxg7 Nxg7 22.
b3 bxc4 23. bxc4 Na6 24. Qc3 Qf7 25. Ne3 Re8 26. Nc2 Re7 27. Rfb1 Rxb1+ 28.
Rxb1 Ne8 29. Ng3 h5 30. Re1 Rxe1+ 31. Qxe1 Ng7 32. Qc3 h4 33. Nf1 Qe7 34. Qe1
Qxe1 35. Nxe1 Nb4 36. Be2 Nh5 37. g3 h3 38. Kf2 Nf6 39. Nd2 Kf7 40. Nd3 Nc2 41.
Bd1 Nd4 42. Nc1 Ba6 43. Ne2 Nf3 44. Nxf3 gxf3 45. Kxf3 Bxc4 46. Kf2 Ng4+ 47.
Kg1 Bxd5 48. Nc3 Bc4 49. Ne4 fxe4 50. Bxg4 d5 51. Bxh3 d4 52. Kf2 e3+ 53. Ke1
d3 54. Bf5 Kf6 55. g4 d2+ 56. Kd1 Bb3+ 57. Bc2 e2+ 58. Kxd2 e1=Q+ 59. Kxe1 Bxc2
60. h4 Be4 61. h5 Bf3 62. g5+ Kg7 0-1

[Event "Bayern-chTT (RL Nord-Ost)"]
[Site "Bayern 2008/09"]
[Date "2009.03.15"]
[Round "8.6"]
[White "Baumer, Andreas"]
[Black "Kordts, Florian"]
[Result "1-0"]
[WhiteElo "1935"]
[BlackElo "1876"]
[PlyCount "91"]
[EventDate "2009.03.??"]
[EventType "team-tourn"]
[EventRounds "9"]
[WhiteTeam "Kareth-Lappersdorf 1"]
[BlackTeam "Postbauer 1"]

1. e4 c5 2. Nf3 Nc6 3. g3 g6 4. Bg2 Bg7 5. O-O Nf6 6. Re1 d6 7. h3 O-O 8. c3
Rb8 9. d4 Nd7 10. b3 b5 11. Bb2 Qb6 12. Na3 a5 13. Rb1 Ba6 14. Nc2 Rfc8 15. Bc1
cxd4 16. cxd4 b4 17. Bb2 Na7 18. Ne3 Qd8 19. Rc1 Rxc1 20. Qxc1 Rc8 21. Qa1 Nb6
22. d5 Bxb2 23. Qxb2 Qc7 24. Bf1 Bxf1 25. Kxf1 Qd7 26. Ng4 f6 27. Qd4 Rc5 28.
Kg2 Nb5 29. Qd2 Qe8 30. h4 h5 31. Ngh2 Kh7 32. g4 Qc8 33. Qf4 Rc2 34. gxh5 gxh5
35. Rg1 Nc3 36. Nd4 Ne2 37. Nxe2 Rxe2 38. Qf3 Qg8+ 39. Kh1 Qxg1+ 40. Kxg1 Rxa2
41. Qxh5+ Kg7 42. Nf3 a4 43. Nd4 axb3 44. Ne6+ Kg8 45. Qg6+ Kh8 46. Qg7# 1-0

[Event "Bayern-chTT (RL Nord-Ost)"]
[Site "Bayern 2008/09"]
[Date "2009.03.15"]
[Round "8.7"]
[White "Naegelein, Andreas"]
[Black "Kues, Manuel"]
[Result "0-1"]
[WhiteElo "1910"]
[BlackElo "1810"]
[PlyCount "60"]
[EventDate "2009.03.??"]
[EventType "team-tourn"]
[EventRounds "9"]
[WhiteTeam "Postbauer 1"]
[BlackTeam "Kareth-Lappersdorf 1"]

1. d4 Nf6 2. Nf3 g6 3. Bg5 Bg7 4. e3 d6 5. Bd3 Nbd7 6. Nbd2 e5 7. c3 O-O 8. O-O
Qe8 9. Qc2 Nb6 10. dxe5 dxe5 11. Bxf6 Bxf6 12. Ne4 Bg7 13. Nc5 Qe7 14. b4 Nd5
15. Bc4 c6 16. Rad1 b6 17. Nb3 Be6 18. b5 Nxe3 19. fxe3 Bxc4 20. Rfe1 cxb5 21.
Nbd2 Rfd8 22. Nxc4 bxc4 23. Qe4 Qc5 24. Kf2 Rac8 25. Qb7 Rd3 26. Ng5 Qc7 27.
Qf3 Rcd8 28. Ne4 Qe7 29. g3 f5 30. Rxd3 Rxd3 0-1

[Event "Bayern-chTT (RL Nord-Ost)"]
[Site "Bayern 2008/09"]
[Date "2009.03.15"]
[Round "8.8"]
[White "Kappl, Peter"]
[Black "Grimm, Pascal"]
[Result "1/2-1/2"]
[WhiteElo "1919"]
[BlackElo "1783"]
[PlyCount "92"]
[EventDate "2009.03.??"]
[EventType "team-tourn"]
[EventRounds "9"]
[WhiteTeam "Kareth-Lappersdorf 1"]
[BlackTeam "Postbauer 1"]

1. e4 Nf6 2. e5 Nd5 3. c4 Nb6 4. c5 Nd5 5. Nc3 e6 6. Bc4 Nxc3 7. bxc3 Bxc5 8.
d4 Be7 9. Qg4 g6 10. h4 h5 11. Qg3 d5 12. Bd3 b6 13. Ne2 Ba6 14. Bc2 Bxe2 15.
Kxe2 c5 16. Ba4+ Nd7 17. Bd2 c4 18. Bc2 Nf8 19. a4 a6 20. Rab1 Rb8 21. Qf4 Nd7
22. g4 Nf8 23. Rh3 hxg4 24. Qxg4 Rxh4 25. Rxh4 Bxh4 26. Rh1 Be7 27. Rh8 Kd7 28.
Qf3 Qe8 29. Rg8 Kc6 30. Rg7 Rb7 31. Rxf7 Ba3 32. Rxb7 Kxb7 33. Bh6 Be7 34. Qg4
Kc7 35. f4 b5 36. axb5 axb5 37. Bxf8 Bxf8 38. Bxg6 Qe7 39. Bc2 Bh6 40. f5 exf5
41. Qxf5 Bc1 42. Qh7 Qxh7 43. Bxh7 Bb2 44. Kd2 b4 45. cxb4 Bxd4 46. Bg8 Bxe5
1/2-1/2

[Event "Bayern-chTT (RL Nord-Ost)"]
[Site "Bayern 2008/09"]
[Date "2009.03.15"]
[Round "8.1"]
[White "Burggraf, Michael"]
[Black "Lutz, Dieter"]
[Result "1/2-1/2"]
[WhiteElo "2121"]
[BlackElo "2274"]
[PlyCount "67"]
[EventDate "2009.03.??"]
[EventType "team-tourn"]
[EventRounds "9"]
[WhiteTeam "Forchheim 2"]
[BlackTeam "Bechhofen 1"]

1. e4 c5 2. Nc3 e6 3. g3 g6 4. Bg2 Bg7 5. d3 Nc6 6. Be3 d6 7. Qd2 a6 8. f4 Nge7
9. Nf3 Nd4 10. O-O O-O 11. Nh4 Ra7 12. Nd1 b5 13. c3 Ndc6 14. f5 f6 15. fxg6
Nxg6 16. Nxg6 hxg6 17. b4 Rd7 18. bxc5 dxc5 19. Nb2 c4 20. d4 Bb7 21. Bh6 Nxd4
22. cxd4 c3 23. Qxc3 Bxh6 24. Rad1 Qb6 25. Kh1 f5 26. d5 fxe4 27. Rxf8+ Bxf8
28. Qf6 Bxd5 29. Rxd5 Rxd5 30. Qxg6+ Bg7 31. Qe8+ Bf8 32. Qg6+ Bg7 33. Qe8+ Bf8
34. Qg6+ 1/2-1/2

[Event "Bayern-chTT (RL Nord-Ost)"]
[Site "Bayern 2008/09"]
[Date "2009.03.15"]
[Round "8.2"]
[White "Alsheimer, Christoph"]
[Black "Weigel, Robert ProfDr"]
[Result "1-0"]
[WhiteElo "2187"]
[BlackElo "2089"]
[PlyCount "75"]
[EventDate "2009.03.??"]
[EventType "team-tourn"]
[EventRounds "9"]
[WhiteTeam "Bechhofen 1"]
[BlackTeam "Forchheim 2"]

1. d4 Nf6 2. Nf3 g6 3. Nc3 Bg7 4. e4 d6 5. Be3 O-O 6. Qd2 c6 7. Bh6 b5 8. Bd3
Qc7 9. h4 Bxh6 10. Qxh6 Ng4 11. Qd2 e5 12. dxe5 dxe5 13. h5 h6 14. hxg6 fxg6
15. Nd1 Kg7 16. Ne3 Rh8 17. Qc3 b4 18. Qc5 Nxe3 19. fxe3 Re8 20. Qxb4 Nd7 21.
Qc3 Nf6 22. O-O-O Ng4 23. Rde1 Bd7 24. Rhf1 Rad8 25. Bc4 Nf6 26. Nd2 Re7 27.
Bd3 g5 28. Nc4 Be8 29. Rf5 Nd7 30. Ref1 Bg6 31. Qa3 Nb6 32. Rf6 Nxc4 33. Bxc4
Rb8 34. Rxc6 Qb7 35. Bd5 Qd7 36. Rff6 Be8 37. Rce6 Rxe6 38. Qf8+ 1-0

[Event "Bayern-chTT (RL Nord-Ost)"]
[Site "Bayern 2008/09"]
[Date "2009.03.15"]
[Round "8.3"]
[White "Mons, Leon"]
[Black "Kurz, Christian"]
[Result "1/2-1/2"]
[WhiteElo "2097"]
[BlackElo "2074"]
[PlyCount "52"]
[EventDate "2009.03.??"]
[EventType "team-tourn"]
[EventRounds "9"]
[WhiteTeam "Forchheim 2"]
[BlackTeam "Bechhofen 1"]

1. e4 d5 2. exd5 Qxd5 3. Nc3 Qd8 4. Bc4 Nf6 5. Nf3 e6 6. d3 Be7 7. Qe2 c5 8.
Ne5 O-O 9. O-O Bd7 10. Ne4 Nc6 11. Nxd7 Qxd7 12. Be3 Nd4 13. Qd1 Rac8 14. c3
Nf5 15. Nxf6+ Bxf6 16. a4 Rfd8 17. Qe2 a6 18. a5 Qc7 19. Rfe1 Rd7 20. Bd2 Nd6
21. Bf4 Qd8 22. Bxd6 Rxd6 23. g3 g6 24. h4 h5 25. Qf3 Kg7 26. Kg2 Qc7 1/2-1/2

[Event "Bayern-chTT (RL Nord-Ost)"]
[Site "Bayern 2008/09"]
[Date "2009.03.15"]
[Round "8.4"]
[White "Ponnath, Lorenz"]
[Black "Schulze, Harald(61)"]
[Result "0-1"]
[WhiteElo "1967"]
[BlackElo "2108"]
[PlyCount "52"]
[EventDate "2009.03.??"]
[EventType "team-tourn"]
[EventRounds "9"]
[WhiteTeam "Bechhofen 1"]
[BlackTeam "Forchheim 2"]

1. e4 e6 2. d4 d5 3. Nc3 Bb4 4. e5 c5 5. a3 Bxc3+ 6. bxc3 Qc7 7. Nf3 Nc6 8. a4
b6 9. Bb5 Bd7 10. O-O Nge7 11. Qe2 Rc8 12. Ba6 Rd8 13. Ba3 Na5 14. Qe3 Nf5 15.
Qg5 O-O 16. Bd3 f6 17. Qh5 Be8 18. Qh3 Bg6 19. g4 Ne7 20. Rae1 Bxd3 21. cxd3
Ng6 22. exf6 Nf4 23. Qg3 Rxf6 24. Nh4 g5 25. Ng2 Nb3 26. Re5 Qxe5 0-1

[Event "Bayern-chTT (RL Nord-Ost)"]
[Site "Bayern 2008/09"]
[Date "2009.03.15"]
[Round "8.5"]
[White "Balle, Alfred"]
[Black "Lutz, Thomas"]
[Result "1-0"]
[WhiteElo "1893"]
[BlackElo "1938"]
[PlyCount "89"]
[EventDate "2009.03.??"]
[EventType "team-tourn"]
[EventRounds "9"]
[WhiteTeam "Forchheim 2"]
[BlackTeam "Bechhofen 1"]

1. e4 c5 2. Nf3 e6 3. d4 cxd4 4. Nxd4 a6 5. c4 Qc7 6. Nc3 Nf6 7. a3 b6 8. f4 d6
9. Bd3 Bb7 10. O-O Nbd7 11. Qe2 Be7 12. f5 e5 13. Nb3 Nc5 14. Nxc5 bxc5 15. Be3
a5 16. Bc2 Bc6 17. Nd5 Qb7 18. b3 Nxd5 19. exd5 Bd7 20. Qh5 Bf6 21. g4 g6 22.
Qh6 O-O-O 23. g5 Be7 24. f6 Bf8 25. Qh4 Kc7 26. Bd2 Ra8 27. Rfb1 Qa7 28. Be3 h6
29. b4 axb4 30. Rxb4 Qa5 31. Rbb1 Qc3 32. Qf2 hxg5 33. Ra2 Qxc4 34. Rab2 Rh4
35. Rb7+ Kc8 36. Bd1 Qc3 37. R1b3 Qa1 38. Qd2 e4 39. Rb1 Qxa3 40. Bxg5 Rh3 41.
Qg2 Rf3 42. Bxf3 exf3 43. Qb2 Qxb2 44. R1xb2 c4 45. R7b4 1-0

[Event "Bayern-chTT (RL Nord-Ost)"]
[Site "Bayern 2008/09"]
[Date "2009.03.15"]
[Round "8.6"]
[White "Boese, Klaus(63)"]
[Black "Justi, Fabian"]
[Result "1-0"]
[WhiteElo "1953"]
[BlackElo "1732"]
[PlyCount "47"]
[EventDate "2009.03.??"]
[EventType "team-tourn"]
[EventRounds "9"]
[WhiteTeam "Bechhofen 1"]
[BlackTeam "Forchheim 2"]

1. Nf3 d5 2. d4 e6 3. c4 c5 4. cxd5 exd5 5. Nc3 Be6 6. g3 Nf6 7. Bg2 Nc6 8. O-O
Qd7 9. Re1 Rd8 10. e3 Be7 11. a3 b6 12. b3 Bh3 13. Bh1 Bg4 14. Qd3 h5 15. Bb2
Bxf3 16. Bxf3 Na5 17. Bd1 c4 18. bxc4 Nxc4 19. Ba4 Nxb2 20. Bxd7+ Rxd7 21. Qb5
Nc4 22. Nxd5 Nxa3 23. Nxf6+ gxf6 24. Qc6 1-0

[Event "Bayern-chTT (RL Nord-Ost)"]
[Site "Bayern 2008/09"]
[Date "2009.03.15"]
[Round "8.7"]
[White "Theiler, Maximilian"]
[Black "Kaiser, Harald(66)"]
[Result "1/2-1/2"]
[WhiteElo "1691"]
[BlackElo "1978"]
[PlyCount "91"]
[EventDate "2009.03.??"]
[EventType "team-tourn"]
[EventRounds "9"]
[WhiteTeam "Forchheim 2"]
[BlackTeam "Bechhofen 1"]

1. e4 d6 2. g3 g6 3. Bg2 Bg7 4. Nc3 Nd7 5. d3 a6 6. Be3 b5 7. Qd2 Bb7 8. f4 e6
9. Nf3 Ne7 10. O-O O-O 11. g4 c5 12. Nd1 d5 13. e5 d4 14. Bf2 f6 15. Nxd4 cxd4
16. Bxb7 Rb8 17. exf6 Nxf6 18. Bf3 Nfd5 19. Bg3 Rc8 20. Kh1 Rc5 21. Rf2 Kh8 22.
a3 Bh6 23. g5 Bg7 24. Rc1 Nf5 25. c3 Qc7 26. Bxd5 Rxd5 27. c4 bxc4 28. Rxc4 Rc5
29. Rxc5 Qxc5 30. Qc2 Qd5+ 31. Kg1 Ne3 32. Nxe3 dxe3 33. Re2 Rd8 34. Be1 Qxd3
35. Bc3 Bxc3 36. Qxc3+ Qxc3 37. bxc3 Rd3 38. a4 Rxc3 39. Kg2 Kg7 40. Kf3 Ra3
41. Rxe3 Rxa4 42. Rxe6 Kf7 43. Re2 Ra3+ 44. Kg4 a5 45. Rb2 Ra4 46. Rb7+ 1/2-1/2

[Event "Bayern-chTT (RL Nord-Ost)"]
[Site "Bayern 2008/09"]
[Date "2009.03.15"]
[Round "8.8"]
[White "Lutz, Rainer Dr(81)"]
[Black "Stephan, Michael(95)"]
[Result "1-0"]
[WhiteElo "1883"]
[BlackElo "1716"]
[PlyCount "67"]
[EventDate "2009.03.??"]
[EventType "team-tourn"]
[EventRounds "9"]
[WhiteTeam "Bechhofen 1"]
[BlackTeam "Forchheim 2"]

1. Nf3 Nf6 2. c4 e6 3. Nc3 d5 4. e3 Nbd7 5. a3 Be7 6. d4 O-O 7. Rb1 dxc4 8.
Bxc4 c5 9. O-O a6 10. Ba2 cxd4 11. Nxd4 Nb6 12. Qe2 e5 13. Nc2 Qc7 14. e4 Qc6
15. Bg5 Be6 16. Bxe6 fxe6 17. Rbc1 Rac8 18. Ne1 Qe8 19. Nf3 Qg6 20. Bh4 Nc4 21.
Rfd1 Rfd8 22. Rxd8+ Bxd8 23. Bg3 Nd7 24. Nb1 Ncb6 25. Rxc8 Nxc8 26. Qd3 Qe8 27.
Nxe5 Nc5 28. Qc4 Bb6 29. Nf3 Qd7 30. Qc2 Nd6 31. Nc3 Nc4 32. h3 Qd3 33. Qc1 Nb3
34. Qd1 1-0

[Event "Bayern-chTT (RL Nord-Ost)"]
[Site "Bayern 2008/09"]
[Date "2009.03.29"]
[Round "9.1"]
[White "Albrecht, Hans(57)"]
[Black "Lang, Stefan(01.66)"]
[Result "0-1"]
[WhiteElo "2091"]
[BlackElo "2182"]
[PlyCount "97"]
[EventDate "2009.03.??"]
[EventType "team-tourn"]
[EventRounds "9"]
[WhiteTeam "Altensittenbach 1"]
[BlackTeam "Forchheim 2"]

1. e4 c5 2. f4 d5 3. exd5 Nf6 4. Bb5+ Bd7 5. Bxd7+ Qxd7 6. c4 e6 7. dxe6 Qxe6+
8. Qe2 Qxe2+ 9. Kxe2 Nc6 10. Nf3 Bd6 11. g3 O-O-O 12. Nc3 Rhe8+ 13. Kf2 Nb4 14.
b3 Nd3+ 15. Kg2 Bc7 16. Rf1 Ba5 17. Ba3 Bxc3 18. dxc3 Re2+ 19. Kh3 h6 20. Ne5
Nxe5 21. fxe5 Rxe5 22. Rf2 Ne4 23. Rc2 Rd3 24. Rf1 f6 25. Kg2 Nxc3 26. Rf3 Rxf3
27. Kxf3 Ne4 28. Bb2 Re6 29. h4 Kd7 30. Bc1 h5 31. Bf4 Re8 32. Re2 f5 33. Rc2
Ke6 34. Rc1 Rd8 35. Ke2 a6 36. Rc2 Kd7 37. Rc1 Kc6 38. Rc2 b5 39. Rc1 b4 40.
Rc2 a5 41. Ke3 a4 42. bxa4 Ra8 43. Be5 g6 44. Kf4 Rxa4 45. g4 hxg4 46. h5 Ra3
47. Bb8 Rf3+ 48. Ke5 gxh5 49. Rc1 0-1

[Event "Bayern-chTT (RL Nord-Ost)"]
[Site "Bayern 2008/09"]
[Date "2009.03.29"]
[Round "9.2"]
[White "Burggraf, Michael"]
[Black "Roeder, Frank"]
[Result "0-1"]
[WhiteElo "2121"]
[BlackElo "2153"]
[PlyCount "44"]
[EventDate "2009.03.??"]
[EventType "team-tourn"]
[EventRounds "9"]
[WhiteTeam "Forchheim 2"]
[BlackTeam "Altensittenbach 1"]

1. e4 c6 2. d4 d5 3. f3 e6 4. g3 c5 5. c3 Nc6 6. Be3 Qb6 7. Qd2 dxe4 8. fxe4
Nf6 9. Bg2 Ng4 10. dxc5 Bxc5 11. Bxc5 Qxc5 12. Qe2 Nce5 13. Nh3 Bd7 14. Na3 Ba4
15. Bf3 h5 16. Bxg4 hxg4 17. Nf2 O-O-O 18. Nxg4 Nxg4 19. Qxg4 Rxh2 20. Qf3
Rxh1+ 21. Qxh1 Qe3+ 22. Kf1 Rd2 0-1

[Event "Bayern-chTT (RL Nord-Ost)"]
[Site "Bayern 2008/09"]
[Date "2009.03.29"]
[Round "9.3"]
[White "Roeder, Gerd Dr"]
[Black "Staeblein, Christoph"]
[Result "1/2-1/2"]
[WhiteElo "2209"]
[BlackElo "2121"]
[PlyCount "58"]
[EventDate "2009.03.??"]
[EventType "team-tourn"]
[EventRounds "9"]
[WhiteTeam "Altensittenbach 1"]
[BlackTeam "Forchheim 2"]

1. e4 e6 2. d4 d5 3. Nd2 Nf6 4. e5 Nfd7 5. Bd3 c5 6. c3 Nc6 7. Ne2 cxd4 8. cxd4
f6 9. exf6 Nxf6 10. Nf3 Qc7 11. Bf4 Bb4+ 12. Kf1 Bd6 13. Bxd6 Qxd6 14. h4 O-O
15. Qd2 e5 16. dxe5 Nxe5 17. Nxe5 Qxe5 18. Qc3 Ng4 19. Qxe5 Nxe5 20. Bb5 a6 21.
Ba4 Nd3 22. f3 Nxb2 23. Bb3 Nc4 24. Kf2 Be6 25. Rhd1 Rad8 26. Rd4 Na5 27. Nf4
Nxb3 28. axb3 Bf7 29. Rad1 Rfe8 1/2-1/2

[Event "Bayern-chTT (RL Nord-Ost)"]
[Site "Bayern 2008/09"]
[Date "2009.03.29"]
[Round "9.4"]
[White "Mons, Leon"]
[Black "Wallinger, Manfred"]
[Result "1-0"]
[WhiteElo "2097"]
[BlackElo "2142"]
[PlyCount "49"]
[EventDate "2009.03.??"]
[EventType "team-tourn"]
[EventRounds "9"]
[WhiteTeam "Forchheim 2"]
[BlackTeam "Altensittenbach 1"]

1. e4 d5 2. exd5 Qxd5 3. Nc3 Qd6 4. d4 a6 5. Nf3 Nf6 6. g3 Bg4 7. h3 Bh5 8. Bg2
Nc6 9. O-O e6 10. Bf4 Qd8 11. g4 Bg6 12. Ne5 Nxd4 13. Bxb7 Bc5 14. Nc6 Nxc6 15.
Bxc6+ Ke7 16. Na4 Bd6 17. Bxd6+ cxd6 18. Bxa8 Qxa8 19. c4 Qe4 20. Re1 Qxc4 21.
Rc1 Qb5 22. Rc7+ Nd7 23. Qd4 Rb8 24. Rd1 Qb4 25. Nc5 1-0

[Event "Bayern-chTT (RL Nord-Ost)"]
[Site "Bayern 2008/09"]
[Date "2009.03.29"]
[Round "9.5"]
[White "Auer, Guenther(68)"]
[Black "Schulze, Harald(61)"]
[Result "1/2-1/2"]
[WhiteElo "2017"]
[BlackElo "2108"]
[PlyCount "54"]
[EventDate "2009.03.??"]
[EventType "team-tourn"]
[EventRounds "9"]
[WhiteTeam "Altensittenbach 1"]
[BlackTeam "Forchheim 2"]

1. d4 d5 2. c4 c6 3. Nc3 Nf6 4. Nf3 e6 5. Bg5 Be7 6. cxd5 cxd5 7. e3 O-O 8. Bd3
Nc6 9. O-O Nd7 10. Bf4 Re8 11. Nb5 Rf8 12. Bc7 Qe8 13. Nd6 Bxd6 14. Bxd6 Ne7
15. Qb3 f6 16. Rac1 Rf7 17. Rc3 Nf8 18. Rfc1 Nc6 19. Qc2 g6 20. b4 a6 21. a4
Bd7 22. e4 Ne7 23. e5 Bxa4 24. Qd2 Nc8 25. Bc5 Nd7 26. Qa2 Nxc5 27. Rxc5 Nb6
1/2-1/2

[Event "Bayern-chTT (RL Nord-Ost)"]
[Site "Bayern 2008/09"]
[Date "2009.03.29"]
[Round "9.6"]
[White "Haubold, Martin(77)"]
[Black "Endres, Christian(90)"]
[Result "1-0"]
[WhiteElo "1919"]
[BlackElo "2002"]
[PlyCount "57"]
[EventDate "2009.03.??"]
[EventType "team-tourn"]
[EventRounds "9"]
[WhiteTeam "Forchheim 2"]
[BlackTeam "Altensittenbach 1"]

1. d4 Nf6 2. Bg5 g6 3. Bxf6 exf6 4. e3 Bg7 5. Ne2 d5 6. g3 O-O 7. Bg2 c6 8. O-O
Bf5 9. Nd2 Re8 10. b3 Na6 11. c4 Rc8 12. Rc1 Qa5 13. a4 Nb4 14. Nf4 Na2 15. Ra1
Nc3 16. Qe1 g5 17. Ne2 Bd3 18. Nxc3 Qxc3 19. Qc1 Qb4 20. Re1 dxc4 21. bxc4 b5
22. axb5 cxb5 23. c5 a5 24. Ra3 Bf5 25. Rb3 Qa4 26. Qb2 b4 27. Ra1 Qb5 28. Bf1
Qb7 29. Rxa5 1-0

[Event "Bayern-chTT (RL Nord-Ost)"]
[Site "Bayern 2008/09"]
[Date "2009.03.29"]
[Round "9.7"]
[White "Ammon, Tobias"]
[Black "Theiler, Maximilian"]
[Result "1-0"]
[WhiteElo "1945"]
[BlackElo "1691"]
[PlyCount "137"]
[EventDate "2009.03.??"]
[EventType "team-tourn"]
[EventRounds "9"]
[WhiteTeam "Altensittenbach 1"]
[BlackTeam "Forchheim 2"]

1. e4 c6 2. d4 d5 3. exd5 cxd5 4. Bd3 Nc6 5. c3 g6 6. Nf3 Bg7 7. Bf4 Nf6 8. O-O
O-O 9. Nbd2 Bg4 10. Re1 Re8 11. Qb3 Bxf3 12. Nxf3 Qc8 13. h3 h5 14. Bg5 Rd8 15.
Ne5 Qc7 16. Bf4 Nxe5 17. Bxe5 Qc6 18. Bf4 e6 19. Re2 a6 20. a4 Re8 21. Rae1 Nd7
22. Qc2 Kh7 23. a5 b6 24. axb6 Nxb6 25. Ra1 Nc4 26. Qa4 Rec8 27. Qxc6 Rxc6 28.
Kf1 Ra7 29. Ke1 Rb7 30. b4 Bh6 31. Bxh6 Kxh6 32. Rea2 Rbb6 33. h4 Kg7 34. Bxc4
Rxc4 35. Kd2 Rcc6 36. Ra5 Kf6 37. Re1 Rb5 38. Ra4 Rbb6 39. Kc2 Rb7 40. Kb3 Rbc7
41. Re3 Kg7 42. Ra5 Kf8 43. Rc5 Rc8 44. Re1 Ke8 45. Ra1 Kd8 46. Ra3 R8c7 47.
Kc2 Rb6 48. Rca5 Rcc6 49. Kd3 Ke7 50. Ke3 Kf6 51. Kf4 Rd6 52. Rc5 Rdc6 53. Raa5
Kg7 54. Rxc6 Rxc6 55. Rc5 Rb6 56. Ke3 Kf6 57. Rc7 Rb5 58. Rc6 a5 59. Rc5 Rxc5
60. dxc5 axb4 61. cxb4 Ke7 62. Kd4 Kd7 63. b5 f6 64. f3 Kc7 65. g4 Kd7 66. gxh5
gxh5 67. f4 f5 68. Ke5 Kc7 69. c6 1-0

[Event "Bayern-chTT (RL Nord-Ost)"]
[Site "Bayern 2008/09"]
[Date "2009.03.29"]
[Round "9.8"]
[White "Stephan, Michael(95)"]
[Black "Roesch, Lothar"]
[Result "0-1"]
[WhiteElo "1716"]
[BlackElo "1984"]
[PlyCount "61"]
[EventDate "2009.03.??"]
[EventType "team-tourn"]
[EventRounds "9"]
[WhiteTeam "Forchheim 2"]
[BlackTeam "Altensittenbach 1"]

1. e4 c5 2. c3 e6 3. Nf3 Nc6 4. Na3 a6 5. Nc2 d5 6. exd5 Qxd5 7. Ne3 Qd8 8. Qc2
Nf6 9. Be2 Be7 10. O-O O-O 11. Rd1 Qc7 12. b3 Rd8 13. Bb2 b6 14. Rac1 Bb7 15.
a3 Rac8 16. h3 b5 17. Ra1 Qb6 18. c4 Nd4 19. Bxd4 cxd4 20. Nf1 Ne4 21. Bd3 f5
22. Ng3 Nxg3 23. fxg3 Qd6 24. Kf2 Bf6 25. Qa2 bxc4 26. bxc4 Rc5 27. Rab1 Bc8
28. Qc2 g6 29. Qb3 e5 30. Qb6 e4 31. Be2 0-1